Uplatnenie absolventov vysokých škôl na trhu práce vyhodnotenie výsledkov prieskumu

Guardado en:
Detalles Bibliográficos
Autor principal: Lesáková, Dagmar, 1949-
Autor Corporativo: SAAIC - Slovenská akademická asociácia pre medzinárodnú spoluprácu
Otros Autores: Dzimko, Marian, Farkašová, Viera
Formato: Libro
Lenguaje:eslovaco
Publicado: Bratislava 2012
Edición:1. vyd.
Materias:
Etiquetas: Agregar Etiqueta
Sin Etiquetas, Sea el primero en etiquetar este registro!

MARC

LEADER 00000nam a2200000 4500
001 0227876
005 20240502073744.1
041 0 |a slo 
044 |a SK 
245 1 0 |a Uplatnenie absolventov vysokých škôl na trhu práce  |b vyhodnotenie výsledkov prieskumu  |c vedúci tímu a editor: Dagmar Lesáková, členovia: Marian Dzimko, Viera Farkašová 
250 |a 1. vyd. 
264 1 |a Bratislava  |c 2012 
300 |a online [25 s.] 
610 2 0 |a absolventi 
610 2 0 |a školy vysoké 
610 2 0 |a univerzity 
610 2 0 |a trh práce 
610 2 0 |a zručnosti 
610 2 0 |a štúdium vysokoškolské 
610 2 0 |a štúdium v zahraničí 
610 2 0 |a vzdelávanie vysokoškolské 
610 2 0 |a vzdelanie vysokoškolské 
610 2 0 |a pohyb síl pracovných 
100 1 |a Lesáková, Dagmar, 1949- 
700 1 |a Dzimko, Marian 
700 1 |a Farkašová, Viera 
710 2 |a SAAIC - Slovenská akademická asociácia pre medzinárodnú spoluprácu